LIBRARY & INFORMATION CENTRE, KCAET, TAVANUR

ONLINE PUBLIC ACCESS CATALOGUE (OPAC)

Problems in American History / (Record no. 686)

MARC details
000 -LEADER
fixed length control field 00425cam a2200169ua 4500
041 ## - LANGUAGE CODE
Language code of text/sound track or separate title eng
082 ## - DEWEY DECIMAL CLASSIFICATION NUMBER
Classification number 973
Item number LEO/PR
100 ## - MAIN ENTRY--AUTHOR NAME
Personal name Leopold , Richard .
245 ## - TITLE STATEMENT
Title Problems in American History /
250 ## - EDITION STATEMENT
Edition statement 2 /
260 ## - PUBLICATION, DISTRIBUTION, ETC. (IMPRINT)
Place of publication New Jersey :
Name of publisher Prentice Hall Inc ,
Year of publication 1961.
300 ## - PHYSICAL DESCRIPTION
Number of Pages 706 ; .
700 1# - ADDED ENTRY--PERSONAL NAME
Personal name Link, Arth .
942 ## - ADDED ENTRY ELEMENTS (KOHA)
Koha item type Books
Holdings
Withdrawn status Lost status Damaged status Home library Current library Date acquired Full call number Accession Number Koha item type
Withdrawn     KAUAET Malayalam University 07/04/2012 973 581 Books
free website counter